| 000 | 01484nam a2200313 4500 | ||
|---|---|---|---|
| 001 | 113827 | ||
| 003 | DR-UNIBE | ||
| 005 | 20250708152741.0 | ||
| 008 | 250703b2017 dr ||||| |||| 00| 0 spa d | ||
| 040 |
_aBIBLIOTECA UNIBE _bspa _cBIBLIOTECA UNIBE _erda |
||
| 041 | _aspa | ||
| 082 |
_222 _aRD 372.357 R579n |
||
| 100 | 1 | 0 |
_aRincón Ozuna, Andrea Griselda _9197019 _eautor |
| 100 | 1 | 0 |
_a Vásquez Güichardo, Julia Mery _9197020 _eautor |
| 245 | 1 | 0 |
_aNaturales 2 / _cAndrea Griselda Rincón Ozuna, Julia Mery Váquez Güichardo |
| 260 |
_aSanto Domingo : _bEditesa, _c2017 |
||
| 300 |
_a102 páginas : _bilustraciones a color ; _c27 x 21 cm |
||
| 490 |
_aCiencias de la Naturaleza ; _v2 |
||
| 505 | _aPresentación | Unidad 1: los alimentos y la vida | Unidad 2: el sol fuente de vida | Unidad 3: los materiales y sus cambios | Unidad 4: las máquinas y la vida | ||
| 650 | 7 |
_2lemb _aCiencias naturales _xEnseñanza _xEducación primaria _9197178 |
|
| 700 | 1 | 0 |
_aRodríguez Rijo, Basilia _9197021 _ecorrector de estilo |
| 700 | 1 | 0 |
_aRosa, María del Jesus de la _9197022 _edirector técnico |
| 700 | 1 | 0 |
_aFélix, Richard _9197023 _eilustrador _ediseñador de portada |
| 700 | 1 | 0 |
_aBrito, Braulio _9197024 _eilustrador _ediseñador de portada |
| 700 | 1 | 0 |
_aCastro, Adriana _9197025 _edigitador |
| 700 | 1 | 0 |
_aPérez de Paulino, Niurka _9197026 _ediagramador _ediseñador gráfico |
| 700 | 1 | 0 |
_aLópez Genao, Cruz Altagracia _953505 _ediagramador _ediseñador gráfico |
| 942 |
_2ddc _cBK |
||
| 999 |
_c113827 _d113827 |
||